000 00246nam a22001217a 4500
008 170921b xxu||||| |||| 00| 0 eng d
041 _aeng
080 _a7
100 _a45
101 _aART
245 _aJERUSALEM
_cTHUBRON,C
942 _2udc
_cBK
999 _c28651
_d28651